000 00393cam a22001337a 4500
008 180718bnd xxu||||| |||| 00| 0 eng d
082 _aD4 L965
100 _aLudra, Thakur Kuldip S.
245 _aUnderstanding war: its implications and effects
_cby Thakur Kuldip S. Ludra
260 _aChandigarh
_bLT. Col. Thakur Kuldip S. Ludra
_cnd
300 _a420p.
500 _aRs600.00
650 _aWar
999 _c477566
_d477566